Statistics for Celebrity music albums

Click here to take the quiz!

General Stats

  • This quiz has been taken 36 times
  • The average score is 5 of 18

Answer Stats

YearAlbumAnswer% Correct
1984Mr. T's CommandmentsMr. T
82%
1985Night RockerDavid Hasselhoff
71%
1976Ali and His Gang vs. Mr. Tooth DecayMuhammad Ali
54%
1968The Transformed ManWilliam Shatner
46%
1987The Return of BrunoBruce Willis
32%
1972Space OdysseyLeonard Nimoy
32%
2006ParisParis Hilton
32%
1999Abbà PaterPope John Paul II
18%
1989Look in My HeartAlyssa Milano
14%
2012ComposerAnthony Hopkins
14%
1973Ask Me What I AmBurt Reynolds
14%
2003Be a ManMacho Man Randy Savage
14%
2008Anywhere I Lay My HeadScarlett Johansson
14%
2005Songs From the Crystal CaveSteven Seagal
14%
2008Untold TruthsKevin Costner & Modern West
11%
2011BelieveNick Swisher
11%
2015No One Ever Tells YouSeth MacFarlane
11%
2004When You're SmilingRegis Philbin
7%

Score Distribution

Percentile by Number Answered

Percent of People with Each Score

Your Score History

You have not taken this quiz